书目信息 |
| 题名: |
捷得国际建筑师事务所
|
|
| 作者: | 维塔, 编著 ;曹羽 译 | |
| 分册: | ||
| 出版信息: | 北京 中国建筑工业出版社 2004.08 |
|
| 页数: | 98页 | |
| 开本: | 23cm | |
| 丛书名: | 国外建筑师及事务所名作丛书 | |
| 单 册: | ||
| 中图分类: | TU-881.712 | |
| 科图分类: | ||
| 主题词: | 建筑实录--美国--现代--图集 | |
| 电子资源: | ||
| ISBN: | 7-112-06295-0 | |
| 000 | 01146nam 2200277 450 | |
| 001 | 010242581580 | |
| 005 | 20050923105618.99 | |
| 010 | @a7-112-06295-0@dCNY56.00 | |
| 100 | @a20050728d2004 km y0chiy0120 ea | |
| 101 | 1 | @achi@cita |
| 102 | @aCN@b110000 | |
| 105 | @aa z 000yy | |
| 200 | 1 | @a捷得国际建筑师事务所@Ajie de guo ji jian zhu shi shi wu suo@d= The Jerde Partnership International@f(意)毛里齐奥·维塔编著@F(yi)mao li qi ao·wei ta bian zhu@g曹羽译@Gcao yu yi@zeng |
| 210 | @a北京@c中国建筑工业出版社@d2004.08 | |
| 215 | @a98页@c图@d23cm | |
| 225 | 2 | @a国外建筑师及事务所名作丛书 |
| 306 | @a1'Arca Edizioni Spa出版社授权出版 | |
| 330 | @a该书展示的作品包括霍顿广场、任库城总体规划、特尔玛广场、环球影城总体规划、圣达菲城市中心、太平洋城核心区等。各作品均提供了位置、开幕时间、业主、项目类型、项目规模等内容。 | |
| 410 | 0 | @12001 @a国外建筑师及事务所名作丛书 |
| 510 | 1 | @aJerde Partnership International@zeng |
| 606 | 0 | @a建筑实录@y美国@z现代@x图集 |
| 690 | @aTU-881.712@v4 | |
| 701 | 1 | @a维塔,@Awei ta,@b毛里齐奥@4编著 |
| 702 | 0 | @a曹羽@Acao yu@4译 |
| 801 | 0 | @aCN@bQSSK@c20050923 |
| 905 | @a10447@dTU-881.712@eW538 | |
| 捷得国际建筑师事务所= The Jerde Partnership International/(意)毛里齐奥·维塔编著/曹羽译.-北京:中国建筑工业出版社,2004.08 |
| 98页:图;23cm.-(国外建筑师及事务所名作丛书) |
| ISBN 7-112-06295-0:CNY56.00 |
| 该书展示的作品包括霍顿广场、任库城总体规划、特尔玛广场、环球影城总体规划、圣达菲城市中心、太平洋城核心区等。各作品均提供了位置、开幕时间、业主、项目类型、项目规模等内容。 |
| ● |
| 相关链接 |
|
|
|
正题名:捷得国际建筑师事务所
索取号:TU-881.712/W538
 
预约/预借
| 序号 | 登录号 | 条形码 | 馆藏地/架位号 | 状态 | 备注 |
| 1 | 527690 | 205276903 | 建筑库101/101建筑库 23排3列1层/ [索取号:TU-881.712/W538] | 在馆 | |
| 2 | 527691 | 205276912 | 建筑与城市规划学院资料室/101建筑库 111排6列4层/ [索取号:TU-881.712/W538] | 在馆 |